Top 15 Biggest UK Cities or Towns beginning with........E or F or G - Statistics

General Stats
  • This quiz has been taken 245 times
  • The average score is 6 of 15
Answer Stats
Hint Answer % Correct
1 Glasgow
87%
2 Edinburgh
86%
4 Exeter
63%
3 Gloucester
54%
8 Grimsby
42%
14 Farnborough
37%
7 Gillingham
37%
6 Falkirk
36%
10 Guildford
35%
5 Gateshead
33%
9 Eastleigh
24%
12 Gosport
19%
11 East Kilbride
18%
13 Grays
6%
15 Ellsemere Port
1%
No matching quizzes found
Score Distribution
Percent of People with Each Score
Percentile by Number Answered
Your Score History
You have not taken this quiz